Đánh giá mức độ hài lòng của khách hàng cá nhân đối với việc sử dụng dịch vụ ngân hàng nông nghiệp và phát triển nông thôn tỉnh Hậu Giang : Luận văn thạc sỹ kinh tế chuyên ngành kinh tế tài chính - ngân hàng
Đề tài phân tích thực trạng kinh doanh của ngân hàng nông nghiệp và phát triển nông thôn tỉnh Hậu Giang giai đoạn 2004 - 2010 và đánh giá mức độ hài lòng của khách hàng cá nhân đối với 2 dịch vụ chủ yếu tại ngân hàng là: dịch vụ cho vay và dịch...
Αποθηκεύτηκε σε:
| Κύριος συγγραφέας: | |
|---|---|
| Μορφή: | Βιβλίο |
| Γλώσσα: | Undetermined |
| Έκδοση: |
Cần Thơ
Trường Đại học Cần Thơ
2012
|
| Θέματα: | |
| Ετικέτες: |
Προσθήκη ετικέτας
Δεν υπάρχουν, Καταχωρήστε ετικέτα πρώτοι!
|
| Thư viện lưu trữ: | Trung tâm Học liệu Trường Đại học Cần Thơ |
|---|
| LEADER | 01384nam a2200217Ia 4500 | ||
|---|---|---|---|
| 001 | CTU_173739 | ||
| 008 | 210402s9999 xx 000 0 und d | ||
| 082 | |a 658.812 | ||
| 082 | |b T305 | ||
| 088 | |a 60340201 | ||
| 100 | |a Nguyễn, Thị Diễm Tiên | ||
| 245 | 0 | |a Đánh giá mức độ hài lòng của khách hàng cá nhân đối với việc sử dụng dịch vụ ngân hàng nông nghiệp và phát triển nông thôn tỉnh Hậu Giang : | |
| 245 | 0 | |b Luận văn thạc sỹ kinh tế chuyên ngành kinh tế tài chính - ngân hàng | |
| 245 | 0 | |c Nguyễn Thị Diễm Tiên ; Trương Quang Thông (Người hướng dẫn khoa học) | |
| 260 | |a Cần Thơ | ||
| 260 | |b Trường Đại học Cần Thơ | ||
| 260 | |c 2012 | ||
| 520 | |a Đề tài phân tích thực trạng kinh doanh của ngân hàng nông nghiệp và phát triển nông thôn tỉnh Hậu Giang giai đoạn 2004 - 2010 và đánh giá mức độ hài lòng của khách hàng cá nhân đối với 2 dịch vụ chủ yếu tại ngân hàng là: dịch vụ cho vay và dịch vụ tiền gửi. | ||
| 650 | |a Customer relation,Quan hệ khách hàng | ||
| 904 | |i Thúy Phựơng,Hải | ||
| 980 | |a Trung tâm Học liệu Trường Đại học Cần Thơ | ||